000
00318nam a22001457a 4500
008
180813b xxu||||| |||| 00| 0 eng d
020
_a
0896031101
041
_a
eng
080
_a
617
082
_a
617 BEV
100
_a
5
101
_a
KIR
245
_a
The resistance vasculature
_c
Bevan.J.A
942
_2
udc
_c
BK
999
_c
47032
_d
47032